书目信息 |
| 题名: |
宋本广韵
|
|
| 作者: | ;北京市中国书店 影印 | |
| 分册: | ||
| 出版信息: | 北京 北京市中国书店 1982.6 |
|
| 页数: | 全一册 | |
| 开本: | 19cm | |
| 丛书名: | ||
| 单 册: | ||
| 中图分类: | H113.3 | |
| 科图分类: | ||
| 主题词: | 汉语--语音 , 汉语--音韵学 | |
| 电子资源: | ||
| ISBN: | ||
| 000 | 00593nam0 2200193 45 | |
| 001 | 0303261551 | |
| 005 | 20060817103119.51 | |
| 010 | @dCNY2.40 | |
| 100 | @a20030326d1982 km y0chiy0120 ea | |
| 101 | 0 | @achi |
| 200 | 1 | @a宋本广韵@ASong Ben Guang Yun@f北京市中国书店影印@Fbei jing shi zhong guo shu dian ying yin |
| 210 | @a北京@c北京市中国书店@d1982.6 | |
| 215 | @a全一册@d19cm | |
| 606 | 0 | @a汉语@x语音 |
| 606 | 0 | @a汉语@x音韵学 |
| 690 | @aH113.3@v3 | |
| 711 | 0 | @a北京市中国书店@Abei jing shi zhong guo shu dian@4影印 |
| 801 | @aCN@bTSTC@c20060817 | |
| 905 | @dH113.3@e16@f1@b135995@b106584@f1 | |
| 宋本广韵/北京市中国书店影印.-北京:北京市中国书店,1982.6 |
| 全一册;19cm |
| ISBN :CNY2.40 |
| ● |
| 相关链接 |
|
|
|
|
正题名:宋本广韵
索取号:H113.3/16
 
预约/预借
| 序号 | 登录号 | 条形码 | 馆藏地/架位号 | 状态 | 备注 |
| 1 | 0106584 | 000830818 | 第四借阅区/ [索取号:H113.3/16] | 在馆 | |
| 2 | 0106585 | 001777964 | 密集书库/ [索取号:H113.3/16] | 在馆 | |
| 3 | 0106586 | 001778008 | 密集书库/ [索取号:H113.3/16] | 在馆 | |
| 4 | 0106587 | 001778044 | 密集书库/ [索取号:H113.3/16] | 在馆 | |
| 5 | 0106588 | 001778080 | 密集书库/ [索取号:H113.3/16] | 在馆 | |
| 6 | 0135993 | 001777928 | 密集书库/ [索取号:H113.3/16] | 在馆 | |
| 7 | 0135994 | 202078296 | 第二样本阅览室/ [索取号:H113.3/16] | 在馆 | |
| 8 | 0135995 | 000830827 | 第四借阅区/ [索取号:H113.3/16] | 在馆 | |
| 9 | 0420550 | 204205500 | 密集书库/ [索取号:H113.3/16] | 在馆 | |
| 10 | 0420551 | 204205519 | 密集书库/ [索取号:H113.3/16] | 在馆 | |
| 11 | 0466186 | 204661865 | 密集书库/ [索取号:H113.3/16] | 在馆 | |
| 12 | 0466187 | 204661874 | 密集书库/ [索取号:H113.3/16] | 在馆 |